000 00231nam a2200097Ia 4500
001 945447
005 20250826215423.0
008 250824s9999 xx 000 0 und d
245 0 _aAND
_cÖMER SEYFETTİN
260 _bAKVARYUM YAYINLARI
999 _c945447
_d945447